Northeast India : (Record no. 176)

MARC details
000 -LEADER
fixed length control field 00621cam a2200217ua 4500
008 - FIXED-LENGTH DATA ELEMENTS--GENERAL INFORMATION
fixed length control field 110324n ii |||gr||||Z||||||eng
020 ## - INTERNATIONAL STANDARD BOOK NUMBER
International Standard Book Number 81-8364-011-7
040 ## - CATALOGING SOURCE
Transcribing agency MAIN
082 ## - DEWEY DECIMAL CLASSIFICATION NUMBER
Classification number 301.09541
245 1# - TITLE STATEMENT
Title Northeast India :
Remainder of title development, communalism and insurgency /
Statement of responsibility, etc. by Ramashray Roy
250 ## - EDITION STATEMENT
Edition statement 1st.
260 ## - PUBLICATION, DISTRIBUTION, ETC.
Place of publication, distribution, etc. Delhi:
Name of publisher, distributor, etc. Anshah publishing,
Date of publication, distribution, etc. 2007.
300 ## - PHYSICAL DESCRIPTION
Extent v, 213p.:
Dimensions 26cm.
700 1# - ADDED ENTRY--PERSONAL NAME
Personal name Roy, Ramashray.,
Relator term
700 ## - ADDED ENTRY--PERSONAL NAME
Personal name Miri, Sujata.,
Relator term
700 ## - ADDED ENTRY--PERSONAL NAME
Personal name Goswami, Sandhya,
Relator term
942 ## - ADDED ENTRY ELEMENTS (KOHA)
Koha item type Books
653 ## - INDEX TERM--UNCONTROLLED
Uncontrolled term Sociology
653 ## - INDEX TERM--UNCONTROLLED
Uncontrolled term Sociological study on Northeast India
Holdings
Withdrawn status Lost status Damaged status Not for loan Home library Current library Shelving location Date acquired Total Checkouts Full call number Barcode Date last seen Copy number Price effective from Koha item type
        Central Library, Naharkatiya College Central Library, Naharkatiya College General Stacks 19/09/2020   301.09541 | ROY 17149 19/09/2020 1 19/09/2020 Books

Naharkatiya College © 2020. All rights reserved.

Powered By